000 nam a22 7a 4500
999 _c7824
_d7824
008 171025b xxu||||| |||| 00| 0 eng d
100 _aWard Jack A
_94298
245 _aBiology today and Tomorrow
260 _aNew York
_bWest Publishing Company
_c1980